000 00416nam a2200133Ia 4500
008 250506s9999 xx 000 0 und d
024 _a05B-59-BS & 05B-60-BS
082 _a005.1072 FAI
100 _aFaizan Maqbool Ahmed & Karim Habib
245 0 _aWeb Based ERP System Enterprise Resource Planning
260 _aKarachi:
_bUIT,
_c2005
600 _aComputer Science
650 _aBachelor of Computer Science (BS)
999 _c27488
_d27488